[Event "Dos Hermanas Internet qual-D 10th"]
[Site "ICC INT"]
[Date "2009.03.14"]
[Round "8"]
[White "Kovalyov, Anton"]
[Black "Almeida Quintana, Omar"]
[Result "1-0"]
[WhiteElo "2557"]
[BlackElo "2521"]
[PlyCount "193"]
[EventDate "2009.03.14"]
[EventType "swiss (blitz)"]
[EventRounds "12"]
[EventCountry "ESP"]
[SourceTitle "EXT 2010"]
[Source "ChessBase"]
[SourceDate "2010.11.25"]
[SourceVersion "1"]
[SourceVersionDate "2010.11.25"]
[SourceQuality "1"]

1. c4 c5 2. Nf3 Nc6 3. d4 cxd4 4. Nxd4 f5 5. g3 ({RR} 5. Nc3 g6 6. g3 Bg7 7. e3 b6 8. Bg2 Bb7 9. O-O Nh6 10. e4 Nxd4 11. Bxh6 Bxh6 12. Qxd4 O-O 13. Rad1 d6 14. e5 Bxg2 15. Kxg2 Bg7 16. Qd5+ Kh8 17. exd6 exd6 18. Rd3 f4 19. b3 Rf5 {Borges Matos,J (2484)-Almeida Quintana,O (2452) Santa Clara 2005 ½-½}) 5... g6 6. Bg2 ({RR} 6. Nxc6 bxc6 7. Bd2 Bg7 8. Bc3 Nf6 9. Bg2 O-O 10. O-O Qc7 11. Nd2 Rb8 12. Qc2 c5 13. e4 f4 14. b3 Bb7 15. Qb2 Rbe8 16. e5 Ng4 17. Bxb7 Qxb7 18. h3 Nh6 19. g4 f3 20. e6 Bxc3 {Eklund,L (2158)-Miezis,N (2427) Skara SWE 2023 ½-½ (77)}) 6... Bg7 7. Nb3 ({RR} 7. Nc2 b6 8. O-O Ba6 9. Ne3 Nh6 10. Nc3 O-O 11. Qa4 Bb7 12. Ned5 e6 13. Nb4 Na5 14. Bxb7 Nxb7 15. Bxh6 Bxh6 16. Rad1 Nc5 17. Qa3 Qc8 18. Nd3 Nb7 19. Qb4 Rd8 20. e4 Bf8 21. Qa4 Bg7 {Krasenkow,M (2609)-Short,N (2712) Tripoli 2004 ½-½ (71)}) 7... Nf6 $146 ({RR} 7... a5 8. a3 a4 9. N3d2 Qb6 10. Nc3 Bxc3 11. bxc3 Nf6 12. Rb1 Qc7 13. O-O d6 14. c5 d5 15. c4 d4 16. Nf3 e5 17. e3 d3 18. Bb2 O-O 19. Qxd3 e4 20. Qc3 exf3 21. Bxf3 Qa5 22. Bd5+ {Dzhakaev,D (2486)-Lagowski,P (2389) Budapest 2005 1-0 (37)}) ({RR} 7... b6 8. O-O Bb7 9. Nc3 Nf6 10. Bf4 O-O 11. Qd2 Qc8 12. Rac1 Re8 13. Rfd1 d6 14. Bg5 Nd8 15. Nd5 Kf7 16. Nxf6 Bxf6 17. Bxf6 Kxf6 18. Qd4+ Kf7 19. Bd5+ Ne6 20. e4 Bxd5 21. Qxd5 fxe4 22. Re1 {David,A (2321)-Baeumler,I (2240) Germany 2009 1-0 (40)}) 8. O-O O-O 9. Nc3 d6 10. Bg5 h6 11. Be3 Be6 12. Nd5 Ng4 13. Bc1 Rc8 14. e4 Nce5 15. exf5 Bxf5 16. h3 Nf6 17. Re1 Nxd5 18. Qxd5+ Kh8 19. Qxb7 Rc7 20. Qd5 Nxc4 21. g4 Bc8 22. Qd3 Nxb2 23. Bxb2 Bxb2 24. Qxg6 Rf6 25. Qh5 Bxa1 26. g5 Qf8 27. gxf6 Bxf6 28. Re3 Bd7 29. Rg3 Be8 30. Qe2 Bf7 31. Nd2 Rc1+ 32. Bf1 Be5 33. Rg2 Bd5 34. Rg4 Qf5 35. Qe3 Kh7 36. f4 Rc3 37. Qf2 Bf6 38. Rg3 Rxg3+ 39. Qxg3 Bd4+ 40. Kh2 Qf6 41. Bd3+ Kh8 42. Nf3 Bxf3 43. Qxf3 Be5 44. Kg3 Qg5+ 45. Qg4 Bxf4+ 46. Kf3 Qxg4+ 47. hxg4 e5 48. Ke4 Kg7 49. Kf5 Kf7 50. Be4 Ke7 51. Bd5 a5 52. Ke4 a4 53. Bc6 a3 54. Bd5 Bc1 55. Kf3 Bb2 56. Ke4 Bc1 57. Bc4 Bb2 58. Bd5 Bc1 59. Bc4 Bb2 60. Bb3 Bc1 61. Bc4 Bb2 62. Kf5 Bc1 63. Ke4 Bb2 64. Bb3 Bc1 65. Kd3 Bb2 66. Ke4 Bc1 67. Kf5 Bb2 68. g5 hxg5 69. Kxg5 e4 70. Kf4 e3 71. Kxe3 d5 72. Bxd5 Kd6 73. Bb3 Kc5 74. Kd3 Kb4 75. Kc2 Ka5 76. Kb1 Kb6 77. Kc2 Ka7 78. Bc4 Ka8 79. Bb3 Kb8 80. Kd3 Ka7 81. Kc4 Kb6 82. Kb4 Ka7 83. Ka4 Kb8 84. Bc4 Ka8 85. Bb5 Ka7 86. Kb4 Kb6 87. Kc4 Ka7 88. Kd5 Kb7 89. Kc4 Kb6 90. Kb4 Ka7 91. Ka5 Kb7 92. Ka4 Ka7 93. Kb4 Kb6 94. Kb3 Ka7 95. Kc4 Kb6 96. Kb3 Kxb5 97. Kc2 $138 1-0

[Event "RUS-chT2 16th"]
[Site "Dagomys"]
[Date "2009.04.10"]
[Round "9"]
[White "Simonian, Hrair"]
[Black "Vokarev, Sergey"]
[Result "1-0"]
[WhiteElo "2504"]
[BlackElo "2521"]
[PlyCount "61"]
[EventDate "2009.04.02"]
[EventType "team-tourn"]
[EventRounds "9"]
[EventCountry "RUS"]
[SourceTitle "CBM 129 Extra"]
[Source "ChessBase"]
[SourceDate "2009.05.05"]
[SourceVersion "2"]
[SourceVersionDate "2009.05.20"]
[SourceQuality "1"]

1. Nf3 Nf6 2. b3 g6 3. Bb2 Bg7 4. e3 c5 5. Be2 O-O 6. O-O Nc6 7. d4 cxd4 8. Nxd4 Nxd4 ({RR} 8... d5 9. Nxc6 bxc6 10. c4 a5 11. Nc3 Ba6 12. Na4 dxc4 13. bxc4 Qc7 14. Qc2 Rab8 15. Bc3 Bc8 16. h3 Bf5 17. Bd3 Bxd3 18. Qxd3 Rfd8 19. Qc2 Nd7 20. Rfd1 Bxc3 21. Qxc3 Rb4 22. Nb2 Nc5 23. Rxd8+ {Nihal,S (2620)-Gelfand,B (2675) Biel 2021 0-1 (45)}) 9. Bxd4 Qc7 $146 ({RR} 9... d5 10. Nd2 Qd6 11. c4 e5 12. Bb2 d4 13. exd4 exd4 14. Nf3 Ng4 15. h3 Ne5 16. Nxd4 Rd8 17. Qc2 Nc6 18. Nxc6 Bf5 19. Qc1 bxc6 20. Bxg7 Kxg7 21. Bf3 Qf6 22. Re1 Bxh3 23. Bxc6 Qxc6 24. Qc3+ {Le Tuan Minh (2542)-Paravyan,D (2586) chess.com INT 2022 0-1 (57)}) ({RR} 9... d5 10. Nd2 Bf5 11. c4 dxc4 12. Nxc4 b5 13. Ne5 a6 14. Bf3 Be4 15. Bxe4 Nxe4 16. Nc6 Qe8 17. Bxg7 Kxg7 18. Qd4+ Nf6 19. Rac1 Kg8 20. Qe5 Kg7 21. Nxe7 Ra7 22. Nc6 Qxe5 23. Nxe5 Re7 24. Nf3 {Kukk,S (2235)-Offermann,F (2014) Vrnjacka Banja SRB 2024 1-0 (45)}) ({RR} 9... Re8) 10. c4 a6 11. Nd2 d6 12. Rc1 Bf5 13. Nf3 Rfd8 14. Qd2 Ne4 15. Qb4 a5 16. Qa3 e5 17. Ba1 Qb6 18. Rfd1 Bh6 19. c5 Qa7 20. Qb2 Re8 21. Bb5 Nxc5 22. Bxe8 Rxe8 23. Rxd6 Ne4 24. Rd5 f6 25. Rcd1 Bg4 26. Rd8 Kf7 27. Qc1 Nc5 28. Qc4+ Be6 29. Qh4 Rxd8 30. Rxd8 Qb6 31. Rd1 1-0

[Event "RUS-chT 16th"]
[Site "Dagomys"]
[Date "2009.04.06"]
[Round "3"]
[White "Malakhov, Vladimir"]
[Black "Vitiugov, Nikita"]
[Result "1-0"]
[WhiteElo "2709"]
[BlackElo "2688"]
[PlyCount "87"]
[EventDate "2009.04.04"]
[EventType "team-tourn"]
[EventRounds "7"]
[EventCountry "RUS"]
[SourceTitle "EXT 2020"]
[Source "ChessBase"]
[SourceDate "2019.10.17"]
[SourceVersion "1"]
[SourceVersionDate "2019.10.17"]
[SourceQuality "1"]
[WhiteTeam "Sverdlovsk Ural region"]
[BlackTeam "Sankt Petersburg Chess Federation"]
[WhiteTeamCountry "RUS"]
[BlackTeamCountry "RUS"]

1. Nf3 d5 2. g3 c6 3. Bg2 Bg4 4. O-O Nd7 5. d3 Ngf6 6. Nbd2 e5 7. e4 Bd6 8. h3 Bh5 9. g4 Bg6 10. Nh4 O-O 11. Nf5 Bc7 $146 ({RR} 11... Nc5 12. Qe2 Re8 13. Re1 Bf8 14. Nb3 Ne6 15. c4 dxc4 16. dxc4 a5 17. a4 Nd7 18. Be3 c5 19. Nc1 f6 20. Nd3 Qc7 21. b3 Nb8 22. Nc1 Nc6 23. Na2 Ncd4 24. Qb2 Nf4 25. Bxf4 exf4 26. Nc3 {Bhuiyan,G (2163)-Mollah Abdullah,A (2521) Dhaka 2014 0-1 (35)}) ({RR} 11... Bc5 12. Qe2 Re8 13. Nf3 a5 14. Bg5 Nf8 15. Be3 Bxe3 16. Qxe3 Qc7 17. N3h4 Ne6 18. Qg3 Nf4 19. Rfe1 dxe4 20. Bxe4 Nxe4 21. Rxe4 f6 22. Rae1 c5 23. b3 Re6 24. a4 Be8 25. g5 Bc6 26. gxf6 {Mamedov,R (2660)-Karjakin,S (2760) Moscow 2010 1-0 (63)}) ({RR} 11... Bc5 12. c3 Re8 13. Qc2 Bf8 14. Nf3 Nc5 15. Rd1 Qc7 16. N3h4 Rad8 17. Be3 Ne6 18. Bf3 Bc5 19. b4 Bxe3 20. fxe3 dxe4 21. dxe4 Rxd1+ 22. Rxd1 Rd8 23. Bg2 Ng5 24. Rxd8+ Qxd8 25. Ng3 Qd7 26. Nhf5 {Sai,K (2402)-Abdukhakimov,A (2271) chess.com INT 2024 1-0 (63)}) ({RR} 11... Nc5 12. Re1 dxe4 13. dxe4 Bc7 14. Qf3 Ne6 15. Nf1 Bb6 16. N1g3 Nd7 17. h4 Bxf5 18. Nxf5 Kh8 19. g5 g6 20. Nh6 Qe7 21. Be3 f6 22. Qg4 Nf4 23. Rad1 Rad8 24. Rd2 Nc5 25. Red1 Rxd2 26. Rxd2 {Keskinen,S (2298)-Buhmann,R (2567) Heraklion 2007 ½-½ (34)}) 12. Nb3 h6 13. Qf3 a5 14. a4 Re8 15. g5 hxg5 16. Bxg5 Qb8 17. h4 Bd8 18. Bh3 Nf8 19. Kh1 N6h7 20. Bd2 Bxf5 21. Bxf5 Bxh4 22. exd5 cxd5 23. Qxd5 Bg5 24. Bxh7+ Nxh7 25. Bxg5 Nxg5 26. f4 Nh7 27. fxe5 Ra6 28. Rxf7 Kh8 29. Re1 Rh6+ 30. Kg1 Ng5 31. Rf5 Nh3+ 32. Kf1 Qc8 33. e6 Qxc2 34. e7 Qc8 35. Qc5 Qd7 36. Rf8+ Kh7 37. Qf5+ Qxf5+ 38. Rxf5 Kg8 39. Nxa5 g6 40. Rf6 Kg7 41. Rd6 Kf7 42. Rd7 Nf4 43. Re4 Ne6 44. Nxb7 1-0

[Event "Salou op 11th"]
[Site "Salou"]
[Date "2009.05.11"]
[Round "7"]
[White "Burmakin, Vladimir"]
[Black "Moskalenko, Viktor"]
[Result "1-0"]
[WhiteElo "2605"]
[BlackElo "2528"]
[PlyCount "153"]
[EventDate "2009.05.05"]
[EventType "swiss"]
[EventRounds "9"]
[EventCountry "ESP"]
[SourceTitle "CBM 130 Extra"]
[Source "ChessBase"]
[SourceDate "2009.07.02"]
[SourceVersion "2"]
[SourceVersionDate "2009.07.15"]
[SourceQuality "1"]

1. Nf3 d5 2. c4 d4 3. b4 g6 4. Bb2 Bg7 5. g3 e5 6. d3 c5 ({RR} 6... Ne7 7. Bg2 O-O 8. Nbd2 a5 9. a3 Ra7 10. O-O b6 11. Qb3 a4 12. Qc2 c5 13. Rfe1 Nf5 14. b5 Re8 15. Rad1 Bb7 16. e3 dxe3 17. fxe3 Bh6 18. Nf1 Nd7 19. Qf2 Qe7 20. g4 Ng7 21. h4 {Iturrizaga Bonelli,E (2607)-Felgaer,R (2591) Mexico City 2010 1-0 (45)}) ({RR} 6... Ne7 7. Bg2 O-O 8. O-O c6 9. Nbd2 Bg4 ({RR} 9... h6 10. Qc2 Be6 11. e3 dxe3 12. fxe3 Nd7 13. Nb3 Qb6 14. Qd2 Rad8 15. Kh1 e4 16. Nfd4 exd3 17. Nxe6 fxe6 18. Bxg7 Kxg7 19. c5 Qc7 20. Qxd3 Nf6 21. Qc3 e5 22. Na5 Ned5 23. Qb3 b5 24. Kg1) 10. h3 Bxf3 11. Bxf3 Nd7 12. a4 a6 13. Ba3 Re8 14. b5 axb5 15. axb5 cxb5 16. cxb5 Rb8 17. Bd6 Nb6 18. Bxb8 Qxb8 19. Qb3 Rd8 20. Ra5 Ned5 21. Rfa1 {De Souza,F (2059)-Ishida,L (1688) Clube Portugues de Niteroi 2024 1-0}) 7. bxc5 Nc6 8. Bg2 Nf6 $146 ({RR} 8... f5 9. O-O Nf6 10. e3 O-O 11. exd4 exd4 12. Nbd2 f4 13. Nb3 Nh5 14. Nfxd4 Ne5 15. Bd5+ Kh8 16. c6 bxc6 17. Nxc6 Nxc6 18. Bxg7+ Kxg7 19. Bxc6 Bh3 20. Bg2 Bxg2 21. Kxg2 f3+ 22. Kh1 Qd7 23. Rg1 {Kononenko,D (2435)-Pasko,A (2302) Simferopol 2004 ½-½ (64)}) 9. O-O Nd7 10. Nfd2 Nxc5 11. Ba3 Bf8 12. Nb3 Ne6 13. Bxf8 Kxf8 14. N1d2 h5 15. Nf3 h4 16. Qd2 g5 17. e3 Qf6 18. Rae1 a5 19. exd4 exd4 20. Rxe6 Bxe6 21. Nxg5 Kg7 22. Nxe6+ fxe6 23. Nc5 Ne5 24. Qe2 Rac8 25. Nxb7 hxg3 26. hxg3 Nf7 27. Qg4+ Kf8 28. Nxa5 Qh6 29. Re1 Rc5 30. Nc6 Rh5 31. f4 Rh1+ 32. Kf2 Rxe1 33. Kxe1 Qf6 34. a4 Rh2 35. Qf3 Qf5 36. Kf2 Qc5 37. Kg1 Rh6 38. Qe4 Qa3 39. Nxd4 Qc5 40. Kf1 Nd8 41. Ne2 Qb6 42. Qd4 Qb1+ 43. Kf2 Nf7 44. a5 Qa2 45. Qc3 Rh2 46. Qb4+ Kg7 47. Qe1 Rh5 48. Kg1 Rxa5 49. Nd4 e5 50. Nc6 Ra3 51. Nxe5 Qb2 52. Qe4 Nxe5 53. fxe5 Qb1+ 54. Bf1 Ra1 55. Qg4+ Kf8 56. Qf3+ Ke8 57. d4 Qe1 58. c5 Rc1 59. Qf2 Qe4 60. Qf4 Rxf1+ 61. Kxf1 Qd3+ 62. Kg2 Qe2+ 63. Qf2 Qe4+ 64. Kg1 Qb1+ 65. Qf1 Qe4 66. Qd1 Qe3+ 67. Kg2 Qe4+ 68. Kf2 Qf5+ 69. Qf3 Qc2+ 70. Qe2 Qc3 71. Qe4 Qd2+ 72. Kf3 Qd1+ 73. Kg2 Qd2+ 74. Kh3 Qh6+ 75. Kg4 Qg7+ 76. Kh5 Qh8+ 77. Kg5 1-0

[Event "Sarajevo Bosnia 39th"]
[Site "Sarajevo"]
[Date "2009.05.11"]
[Round "4"]
[White "Movsesian, Sergei"]
[Black "Wang, Hao"]
[Result "1-0"]
[WhiteElo "2747"]
[BlackElo "2696"]
[PlyCount "125"]
[EventDate "2009.05.07"]
[EventType "tourn"]
[EventRounds "10"]
[EventCountry "BIH"]
[EventCategory "18"]
[SourceTitle "CBM 130"]
[Source "ChessBase"]
[SourceDate "2009.05.20"]
[SourceVersion "1"]
[SourceVersionDate "2009.05.20"]
[SourceQuality "1"]

1. Nf3 c5 2. g3 Nc6 3. Bg2 g6 4. O-O Bg7 5. e4 e5 6. a3 d6 7. c3 Nge7 8. b4 O-O 9. d3 h6 10. Nbd2 Be6 11. Bb2 b6 ({RR} 11... b5 12. a4 a6 13. bxc5 dxc5 14. Nb3 Qb6 15. a5 Bxb3 16. axb6 Bxd1 17. Rfxd1 Rfb8 18. Bc1 Nc8 19. Be3 Nxb6 20. Bxc5 Na4 21. Rxa4 bxa4 22. d4 exd4 23. cxd4 Bf8 24. Bxf8 Kxf8 25. d5 Nb4 26. Ra1 {Torres,F (2054)-Larrea,M (2271) Santiago CHI 2025 1-0 (46)}) 12. b5 $146 ({RR} 12. Re1 Rc8 13. b5 Na5 14. d4 c4 15. d5 Bg4 16. h3 Bd7 17. a4 a6 18. bxa6 Ra8 19. Ba3 Qc7 20. Qb1 Rxa6 21. Qb4 Nc8 22. Bf1 Nb3 23. Qxc4 Qxc4 24. Bxc4 Nxa1 25. Bxa6 Nc2 26. Rc1 Nxa3 {Maiwald,J (2490)-Reschke,S (2400) Schoeneck 1996 1-0 (41)}) ({RR} 12. Re1 Qd7 13. Qe2 f5 14. exf5 gxf5 15. Nh4 Rae8 16. d4 cxd4 17. cxd4 e4 18. Nc4 b5 19. d5 bxc4 20. Bxg7 Kxg7 21. dxc6 Nxc6 22. f3 d5 23. Rad1 Qc7 24. Kh1 Ne5 25. Rf1 c3 26. f4 Nd3 {Todorcevic,M (2480)-Razuvaev,Y (2585) Cetinje 1991 0-1 (36)}) ({RR} 12. Qe2 Qd7 13. Ne1 Rae8 14. Nc2 f5 15. exf5 gxf5 16. b5 Nd8 17. c4 f4 18. a4 e4 19. Bxg7 f3 20. Nxf3 exf3 21. Bxf3 Kxg7 22. a5 Nf7 23. axb6 axb6 24. Ne3 Ne5 25. Be4 Nf5 26. f4 Nxe3 {Novikov,S (2556)-Koepke,C (2290) Dresden 2007 ½-½ (48)}) 12... Na5 13. c4 Qd7 14. Ne1 Rae8 15. f4 f5 16. Qc2 g5 17. g4 fxg4 18. f5 Bf7 19. Qd1 h5 20. Nc2 Bf6 21. Ne3 Kg7 22. a4 Ng8 23. Bc3 Bd8 24. Nb3 Nxb3 25. Qxb3 Nf6 26. a5 Qb7 27. axb6 Bxb6 28. Qd1 Qe7 29. Bd2 Rg8 30. Ra6 Kf8 31. Qc1 Rb8 32. Nd1 Nh7 33. f6 Qd7 34. Ne3 Rg6 35. Nf5 Rb7 36. Be3 Be6 37. Ra2 Kf7 38. Raf2 Bd8 39. Ng7 g3 40. hxg3 Bg4 41. Nf5 Bxf6 42. Bf3 Bxf3 43. Rxf3 Kg8 44. R3f2 Bd8 45. Kg2 Qe6 46. Bd2 Rd7 47. Ne3 Rf6 48. Nf5 Rg6 49. Qd1 Nf6 50. Ne3 Rh7 51. Rf5 g4 52. Qa1 h4 53. gxh4 g3 54. Rh1 Ng4 55. Nxg4 Rxg4 56. h5 Rf7 57. Qd1 Rgg7 58. Rhf1 Qe7 59. h6 Qh4 60. Rh1 Rxf5 61. Rxh4 Rf2+ 62. Kg1 g2 63. Qg4 1-0

[Event "BIH-chT 8th"]
[Site "Banja Vrucica"]
[Date "2009.06.11"]
[Round "6"]
[White "Markus, Robert"]
[Black "Brkic, Ante"]
[Result "1-0"]
[WhiteElo "2606"]
[BlackElo "2541"]
[PlyCount "81"]
[EventDate "2009.06.06"]
[EventType "team-tourn"]
[EventRounds "9"]
[EventCountry "BIH"]
[SourceTitle "EXT 2019"]
[Source "ChessBase"]
[SourceDate "2018.10.10"]
[SourceVersion "1"]
[SourceVersionDate "2018.10.10"]
[SourceQuality "1"]
[WhiteTeam "Sarajevo SK Slavija Istocno"]
[BlackTeam "Siroki Brijeg"]
[WhiteTeamCountry "BIH"]
[BlackTeamCountry "BIH"]

1. Nf3 d5 2. c4 d4 3. g3 g6 4. b4 Bg7 5. d3 e5 6. Bg2 Ne7 7. O-O O-O 8. a4 a5 9. b5 c5 10. Ra2 Ra7 11. e3 dxe3 12. fxe3 b6 13. Nc3 Rd7 14. Ne1 f5 15. e4 $146 ({RR} 15. Qb3 Rd6 16. e4 Nd7 17. Nd5 Nxd5 18. cxd5 Nf6 19. Nc2 Nh5 20. Bf3 f4 21. g4 Nf6 22. h3 h5 23. g5 Nh7 24. h4 Nxg5 25. hxg5 Qxg5+ 26. Bg2 h4 27. Kh1 h3 28. Bf3 Bg4 29. Ne1 Bd7 {Stopa,J (2491)-Ivanov,M (2390) Feffernitz 2013 1-0 (44)}) ({RR} 15. Qb3 g5 16. e4 f4 17. Bh3 Ng6 18. Nd5 h5 19. Be6+ Rdf7 20. Bxc8 Qxc8 21. gxf4 exf4 22. Nf3 Qd8 23. h4 g4 24. Ng5 f3 25. Qd1 Bd4+ 26. Be3 Bxe3+ 27. Nxe3 Qd4 28. Qd2 Nxh4 29. Ne6 Qe5 {Pucher,S (2244)-Delorme,A (2471) Haguenau 2013 ½-½ (59)}) 15... f4 16. Raf2 Rd6 17. Nd5 g5 18. Nc2 Ng6 19. Qh5 Nd7 20. h4 h6 21. hxg5 hxg5 22. Bh3 Nf6 23. Nxf6+ Qxf6 24. Bxc8 Rxc8 25. Ne3 Rxd3 26. Nd5 Qe6 27. Rg2 Rf8 28. Qxg5 f3 29. Rgf2 Rb3 30. Be3 Kh7 31. Qh5+ Kg8 32. Rxf3 Rxf3 33. Qxf3 Nf8 34. Qh5 Nd7 35. Kg2 Rb2+ 36. Rf2 Rxf2+ 37. Kxf2 Qf7+ 38. Qf5 Nf6 39. Kf3 Nd7 40. Qxf7+ Kxf7 41. Bg5 1-0

[Event "Hustopece op"]
[Site "Hustopece"]
[Date "2009.06.06"]
[Round "9"]
[White "Movsesian, Sergei"]
[Black "Hera, Imre Jr"]
[Result "1-0"]
[WhiteElo "2747"]
[BlackElo "2533"]
[PlyCount "77"]
[EventDate "2009.06.06"]
[EventType "swiss (rapid)"]
[EventRounds "9"]
[EventCountry "CZE"]
[SourceTitle "CBM 130 Extra"]
[Source "ChessBase"]
[SourceDate "2009.07.02"]
[SourceVersion "2"]
[SourceVersionDate "2009.07.15"]
[SourceQuality "1"]

1. Nf3 Nf6 2. g3 d5 3. Bg2 c6 4. O-O Bg4 5. d3 e6 6. h3 Bh5 7. Qe1 Be7 ({RR} 7... a5 8. e4 a4 9. a3 Be7 10. Nc3 dxe4 11. dxe4 Bxf3 12. Bxf3 Nbd7 13. Bg2 e5 14. f4 O-O 15. Kh1 Re8 16. g4 exf4 17. Bxf4 Qb6 18. Qg3 Nf8 19. Bc7 Qa6 20. e5 N6d7 21. Ne4 Ne6 22. Bd6 {Kramnik,V (2753)-Vallejo Pons,F (2711) Krasnogorsk 2022 1-0 (32)}) 8. e4 O-O 9. Nbd2 a5 10. Nh2 $146 ({RR} 10. Kh1 Na6 11. a3 Nc5 12. Nh2 dxe4 13. dxe4 e5 14. Nc4 Re8 15. f3 Nfd7 16. Bd2 a4 17. Bc3 f6 18. Ne3 Bf8 19. Nhg4 Bf7 20. Rd1 Qc7 21. Nf5 h5 22. Nf2 Rad8 23. h4 Ne6 24. Bh3 {½-½ (24) Movsesian,S (2624)-Meduna,E (2474) Czech Republic 2002}) 10... dxe4 11. dxe4 e5 12. Nc4 Nbd7 13. a4 Bb4 14. Bd2 Qe7 15. Nf3 Bxd2 16. Nfxd2 Qb4 17. Qe3 Rfd8 18. Rfe1 Ne8 19. h4 Nd6 20. Nxd6 Qxd6 21. Bh3 Nf6 22. Nc4 Qd4 23. Qxd4 Rxd4 24. Nxe5 Re8 25. f4 Rxe4 26. Rxe4 Nxe4 27. g4 f6 28. Nc4 Bf7 29. Nxa5 Nd2 30. Bg2 Bd5 31. Bxd5+ cxd5 32. Nxb7 Rb8 33. Nd6 Rxb2 34. a5 Rxc2 35. a6 Nf3+ 36. Kf1 Nh2+ 37. Ke1 Nf3+ 38. Kd1 Rg2 39. Ra4 1-0

[Event "Bhubaneswar op 1st"]
[Site "Bhubaneswar"]
[Date "2009.06.11"]
[Round "7"]
[White "Kuzubov, Yuriy"]
[Black "Rychagov, Andrey"]
[Result "1-0"]
[WhiteElo "2632"]
[BlackElo "2530"]
[PlyCount "99"]
[EventDate "2009.06.07"]
[EventType "swiss"]
[EventRounds "10"]
[EventCountry "IND"]
[SourceTitle "CBM 130 Extra"]
[Source "ChessBase"]
[SourceDate "2009.07.02"]
[SourceVersion "2"]
[SourceVersionDate "2009.07.15"]
[SourceQuality "1"]

1. e4 e6 2. d3 d5 3. Nd2 c5 4. Ngf3 Nc6 5. g3 g6 6. Bg2 Bg7 7. O-O Nge7 8. Re1 O-O 9. c3 e5 10. exd5 Nxd5 11. Qb3 $146 ({RR} 11. Nc4 Re8 12. Be3 b6 13. Qd2 Rb8 14. Bh6 f6 15. Bxg7 Kxg7 16. Rad1 Bb7 17. h3 Qd7 18. Kh2 Rbd8 19. h4 h5 20. Qe2 Bc8 21. Qf1 b5 22. Na3 a6 23. Nc2 b4 24. c4 Nc7 25. b3 Ne6 {Pastorino,P (1909)-Goetz,C (1913) Pinneberg 2011 0-1 (32)}) ({RR} 11. Nc4 Re8 12. Ng5 Nb6 13. Ne4 Qe7 14. Bg5 Qc7 15. Ncd6 Rf8 16. Nb5 Qb8 17. Nf6+ Kh8 18. Re4 Nd7 19. Qf3 Nxf6 20. Bxf6 Bf5 21. Bxg7+ Kxg7 22. Re3 Qd8 23. Na3 Qd7 24. Qe2 Rad8 25. Be4 f6 {Theodorou,N (2611)-Murzin,V (2658) chess.com INT 2025 0-1 (70)}) ({RR} 11. Nc4 Re8 12. Bg5 f6 13. Bd2 Bf5 14. Qe2 Nf4 15. gxf4 Bxd3 16. Qe3 Bxc4 17. Qxc5 Bf7 18. fxe5 fxe5 19. Bg5 Qb6 20. Qxb6 axb6 21. a3 h6 22. Be3 b5 23. Rad1 Rad8 24. Bb6 Rxd1 25. Rxd1 e4 {Ciechonski,P (2119)-Rychagov,A (2511) Playchess.com INT 2004 ½-½ (58)}) ({RR} 11. Nc4 Re8 12. Qb3 Nc7 13. Ng5 Ne6 14. Ne4 Bf8 15. h4 h6 16. Ned2 f6 17. a4 h5 18. Ne4 Kg7 19. Be3 Qc7 20. Qb5 Bd7 21. Qb3 f5 22. Ng5 Nxg5 23. Bxg5 Be6 24. Qc2 Bxc4 25. dxc4 e4 {Ost Hansen,J-Wach,S Athens 1971 ½-½ (64)}) 11... Nde7 12. Nc4 Qc7 13. Qa3 Bf5 14. Qxc5 b6 15. Qe3 Nd5 16. Qe2 Rad8 17. Rd1 Rfe8 18. Ne3 Nxe3 19. Bxe3 Qd7 20. Ne1 Bg4 21. Bxc6 Bxe2 22. Bxd7 Rxd7 23. Rd2 Bg4 24. f3 Be6 25. Kf2 f5 26. f4 Bd5 27. Nf3 exf4 28. Bxf4 h6 29. h4 b5 30. a4 a6 31. axb5 axb5 32. Ra6 b4 33. c4 Bxf3 34. Kxf3 Red8 35. Ke2 Kf7 36. Rb6 Bf8 37. Rb5 Ke6 38. b3 Kf7 39. Be5 Re8 40. d4 Bg7 41. Kd1 Bxe5 42. dxe5 Rxd2+ 43. Kxd2 g5 44. h5 Ke6 45. Ke3 Rf8 46. Rxb4 f4+ 47. gxf4 Rxf4 48. Rb6+ Kxe5 49. Rxh6 Rh4 50. Kf2 1-0

[Event "Zafra Ruy Lopez 3rd"]
[Site "Zafra"]
[Date "2009.06.19"]
[Round "7"]
[White "Granda Zuniga, Julio E"]
[Black "Cramling, Pia"]
[Result "1-0"]
[WhiteElo "2610"]
[BlackElo "2528"]
[PlyCount "161"]
[EventDate "2009.06.13"]
[EventType "tourn"]
[EventRounds "7"]
[EventCountry "ESP"]
[EventCategory "14"]
[SourceTitle "CBM 131"]
[Source "ChessBase"]
[SourceDate "2009.07.15"]
[SourceVersion "1"]
[SourceVersionDate "2009.07.15"]
[SourceQuality "1"]

1. Nf3 d5 2. g3 c6 3. Bg2 Bg4 4. d3 Nf6 5. h3 Bxf3 6. Bxf3 e6 ({RR} 6... Nbd7 7. Bg2 e6 8. O-O Bd6 9. e4 Qc7 10. Qe2 O-O-O 11. Nd2 Kb8 12. a4 g5 13. d4 dxe4 14. a5 a6 15. Nc4 h6 16. Nxd6 Qxd6 17. Rd1 e5 18. dxe5 Qxe5 19. Be3 Rhe8 20. Rd4 Nd5 21. Rad1 {Morozevich,A (2741)-Kramnik,V (2766) Monte Carlo 2007 0-1 (37)}) ({RR} 6... e5 7. Nd2 Nbd7 8. O-O Bc5 9. e4 O-O 10. c3 dxe4 11. dxe4 Qc7 12. b4 Be7 13. Bb2 Rfd8 14. Qe2 Nf8 15. Rfd1 Rd7 16. Nc4 Rad8 17. Rxd7 Rxd7 18. Rd1 Rxd1+ 19. Qxd1 b5 20. Ne3 Qd7 21. Qxd7 {Prince,A (1641)-Hutchinson,N (1962) Cambridge ENG 2024 ½-½ (65)}) 7. O-O Nbd7 8. Nc3 $146 ({RR} 8. e4 Bc5 9. Bg2 dxe4 10. dxe4 Qc7 11. Kh1 e5 12. Qe2 O-O 13. Nd2 Rfe8 14. a4 Nf8 15. c3 a5 16. Nc4 Ne6 17. h4 Bf8 18. f3 Nc5 19. Bg5 Nfd7 20. Rfd1 Nb6 21. Nxb6 Qxb6 22. Bh3 Nb3 {Yurtaev,L (2360)-Mokry,K (2435) Frunze 1983 ½-½ (61)}) ({RR} 8. Nd2 Be7 9. c4 O-O 10. cxd5 exd5 11. Nb3 Re8 12. Bf4 Nf8 13. Rc1 Ng6 14. Bd2 Bd6 15. Bg2 Qe7 16. Re1 Bb4 17. e4 Bxd2 18. Nxd2 dxe4 19. dxe4 Rad8 20. Qc2 Ne5 21. Re3 Ned7 22. Nf1 Nb6 {Petek,F (2038)-Rozic,V (2079) Bled 2001 0-1 (77)}) 8... Bc5 9. e4 dxe4 10. Nxe4 Nxe4 11. Bxe4 Nf6 12. Bf3 O-O 13. Kg2 a5 14. c3 e5 15. Qe2 Re8 16. Bd2 Qb6 17. Bg5 Nd5 18. Rae1 h6 19. Bc1 Nf6 20. Qc2 Rad8 21. Re2 Qa6 22. Rfe1 Bd6 23. a3 Bc7 24. c4 Bd6 25. Bd2 Rf8 26. Bc3 Nd7 27. b4 Qa7 28. c5 Bc7 29. d4 axb4 30. axb4 exd4 31. Bxd4 Qb8 32. Qc3 f6 33. Bh5 Be5 34. Qc4+ Kh8 35. Be3 f5 36. f4 Bf6 37. Bg6 Qa8 38. Ra2 Qb8 39. Bf2 Qc7 40. Re6 Nb8 41. Bxf5 Qf7 42. Rae2 Na6 43. Bb1 Nc7 44. Qc2 Qg8 45. Rd6 Nb5 46. Ba2 Qh7 47. Rxd8 Rxd8 48. Qd1 Qg6 49. Bb1 Qf7 50. Rd2 Rxd2 51. Qxd2 Nc3 52. Bf5 Nb5 53. Qd7 Qxd7 54. Bxd7 Bc3 55. Bc8 Bxb4 56. Bxb7 Na7 57. Kf3 Kg8 58. Ke4 Kf7 59. Ba6 g6 60. g4 Ke7 61. Be3 h5 62. gxh5 gxh5 63. Kf5 Nb5 64. Kg6 Nc3 65. f5 Nd5 66. f6+ Nxf6 67. Bg5 Bc3 68. Bc4 Bd4 69. h4 Bc3 70. Kf5 Bd4 71. Bb3 Bc3 72. Ba4 Bd4 73. Bxc6 Kf7 74. Bf3 Ng8 75. Bd5+ Kf8 76. Bxg8 Bxc5 77. Bd5 Kg7 78. Bf3 Bd4 79. Bxh5 Bc3 80. Bg6 Bb2 81. h5 1-0